Lidé v ČR si stále raději spoří doma
Česi sú pri ukladaní svojich voľných finančných prostriedkov trvalo konzervatívni a v ponuke investičných možností dostupných na trhu sa príliš neorientujú. Portfólio investičných príležitostí. Efektívnosť investovania a orientácia v ponuke. Využívané spôsoby ukladania voľných finančných prostriedko...
Gespeichert in:
| Format: | Buchkapitel |
|---|---|
| Sprache: | Tschechisch |
| Schlagworte: | |
| Tags: |
Keine Tags, Fügen Sie das erste Tag hinzu!
|
MARC
| LEADER | 00000naa$a2200000$$$4500 | ||
|---|---|---|---|
| 001 | 0059135 | ||
| 005 | 20231010094644.0 | ||
| 041 | 0 | |a cze | |
| 044 | |a CZ | ||
| 245 | 1 | 0 | |a Lidé v ČR si stále raději spoří doma |
| 520 | |a Česi sú pri ukladaní svojich voľných finančných prostriedkov trvalo konzervatívni a v ponuke investičných možností dostupných na trhu sa príliš neorientujú. Portfólio investičných príležitostí. Efektívnosť investovania a orientácia v ponuke. Využívané spôsoby ukladania voľných finančných prostriedkov obyvateľstva. | ||
| 610 | 2 | 0 | |a Česko |
| 610 | 2 | 0 | |a obyvateľstvo |
| 610 | 2 | 0 | |a prostriedky peňažné |
| 610 | 2 | 0 | |a investovanie |
| 610 | 2 | 0 | |a portfólio |
| 610 | 2 | 0 | |a sporenie obyvateľstva |